[Event "SVK-chT4 A22 1718"]
[Site "Slovakia"]
[Date "2017.10.01"]
[Round "1.6"]
[White "Matis, Tibor1111"]
[Black "Pszota, Mate"]
[Result "1/2-1/2"]
[WhiteElo "1631"]
[BlackElo "1523"]
[PlyCount "101"]
[EventDate "2017.10.01"]
[EventType "team-tourn"]
[EventRounds "11"]
[EventCountry "SVK"]
[SourceTitle "EXT 2020"]
[Source "ChessBase"]
[SourceDate "2019.10.17"]
[SourceVersion "1"]
[SourceVersionDate "2019.10.17"]
[SourceQuality "1"]

1. e4 e5 2. Nf3 Nf6 3. Bc4 d5 4. exd5 Nxd5 5. Nxe5 Be6 6. d4 Nf4 7. Bxf4 Bxc4 8. Nxc4 Qd5 9. Ne3 Qa5+ 10. Nc3 Bb4 11. Qd3 0-0 12. 0-0 Nd7 13. Ncd5 c6 14. Nxb4 Qxb4 15. Qc3 Qe7 16. Nc4 Rfd8 17. Qg3 Nf6 18. Rfe1 Qb4 19. Bh6 Nh5 20. Qc3 Qxc3 21. bxc3 gxh6 22. Re7 Nf4 23. Rae1 Nd5 24. Rxb7 Nxc3 25. Ree7 Rxd4 26. Ne3 Rad8 27. g3 Nd5 28. Nxd5 R8xd5 29. Rxa7 Rf5 30. Re2 Rd1+ 31. Kg2 Ra1 32. a4 Kg7 33. Re4 Ra2 34. Rc4 c5 35. Rc7 Kf6 36. R7xc5 Rxc5 37. Rxc5 Rxa4 38. Rd5 Rc4 39. Rd2 Rc3 40. Kf1 Ke5 41. Ke2 Ke4 42. Kd1 f5 43. f4 h5 44. Kc1 h4 45. Kb2 Rf3 46. c4 hxg3 47. c5 gxh2 48. Rxh2 Kd5 49. Rxh7 Kxc5 50. Re7 Rxf4 51. Kc3 1/2-1/2

[Event "SVK-chT3A2 1314"]
[Site "Slovakia"]
[Date "2013.10.27"]
[Round "2.4"]
[White "Pszota, Mate"]
[Black "Hornak, Pavol"]
[Result "0-1"]
[WhiteElo "1475"]
[BlackElo "1750"]
[PlyCount "90"]
[EventDate "2013.10.13"]
[EventType "team-tourn"]
[EventRounds "11"]
[EventCountry "SVK"]
[SourceTitle "EXT 2015"]
[Source "ChessBase"]
[SourceDate "2014.11.20"]
[SourceVersion "1"]
[SourceVersionDate "2014.11.20"]
[SourceQuality "1"]
[WhiteTeam "Velky Meder MSK Corvin"]
[BlackTeam "Cifer"]
[WhiteTeamCountry "SVK"]
[BlackTeamCountry "SVK"]

1. e4 c5 2. Nc3 a6 3. Nf3 Nc6 4. g3 e5 5. d3 h6 6. Bg2 d6 7. h3 Be6 8. Be3 Nf6 9. Nd2 b5 10. Ne2 d5 11. f4 d4 12. Bf2 Be7 13. Nf3 Bd6 14. c3 Qa5 15. 0-0 dxc3 16. bxc3 Rd8 17. d4 Nxe4 18. Nxe5 Nxe5 19. Bxe4 Nd7 20. g4 Nf6 21. Bc6+ Bd7 22. dxc5 Bxc6 23. cxd6 Ne4 24. Qd4 0-0 25. Bh4 Rxd6 26. Qe3 Re8 27. Qc1 Qb6+ 28. Kh2 Nd2 29. Rf2 Nf3+ 30. Kg3 Nxh4 31. Qf1 Ng6 32. Ng1 Re3+ 33. Kh2 Bb7 34. Nf3 Rdd3 35. Ng1 Rxc3 36. Rd1 Qc6 37. Ne2 Rcd3 38. Rc1 Qd7 39. Re1 h5 40. f5 Qd6+ 41. Nf4 Rxe1 42. Qxe1 Nxf4 43. Kg1 Nxh3+ 44. Kf1 Nxf2 45. Qxf2 Rf3 0-1

[Event "SVK-chT3A2 1314"]
[Site "Slovakia"]
[Date "2013.10.13"]
[Round "1.4"]
[White "Pszota, Mate"]
[Black "Vach, Jozef"]
[Result "1-0"]
[WhiteElo "1475"]
[BlackElo "1799"]
[PlyCount "55"]
[EventDate "2013.10.13"]
[EventType "team-tourn"]
[EventRounds "11"]
[EventCountry "SVK"]
[SourceTitle "EXT 2015"]
[Source "ChessBase"]
[SourceDate "2014.11.20"]
[SourceVersion "1"]
[SourceVersionDate "2014.11.20"]
[SourceQuality "1"]
[WhiteTeam "Velky Meder MSK Corvin"]
[BlackTeam "Skalica"]
[WhiteTeamCountry "SVK"]
[BlackTeamCountry "SVK"]

1. e4 e5 2. Nf3 Nc6 3. Nc3 d6 4. h3 Nf6 5. Bb5 Bd7 6. d3 a6 7. Ba4 b5 8. Bb3 Na5 9. Bg5 c6 10. 0-0 Be7 11. Ne2 Nxb3 12. axb3 Qc7 13. b4 d5 14. exd5 cxd5 15. Qd2 0-0 16. Rfe1 Rfc8 17. c3 Bc6 18. Ng3 Bd6 19. Bxf6 gxf6 20. Qh6 e4 21. Nd4 Qd8 22. Nh5 Bf8 23. Nxf6+ Qxf6 24. Qxf6 Bg7 25. Qg5 f6 26. Qf5 Rc7 27. Nxc6 Rxc6 28. Qxd5+ 1-0